World Map - Click Grid - Statistics

General Stats
  • This quiz has been taken 58 times
  • The average score is 9 of 20
Answers on the Map
Answers color-coded by a green-red scale on the quiz's map according to % correct below.
 
Answer Stats
Answer % Correct
Luxembourg
98%
Tokyo
94%
Hispaniola
82%
Space Needle
64%
Mount Ararat
62%
Location of 1982 Anglo-Argentine War
60%
Socotra
56%
Lake TIticaca
52%
Capital of The Second Youngest Country
42%
Uluru
42%
0°N 0°E
38%
Victoria Falls
38%
Tallest Point in Western Hemisphere
34%
Host City of 2008 Summer Olympics
30%
Most Populated City in North-West Quadrant
26%
Mouth of the Longest River in Europe
22%
Tallest Building in Southern Hemisphere
12%
Tallest Statue in Africa
12%
1m+ City with highest elevation in Asia
6%
Birthplace of George Orwell
6%
No matching quizzes found
Score Distribution
Percent of People with Each Score
Percentile by Number Answered
Your Score History
You have not taken this quiz